Statistics for Canadian Cities to Learn

Click here to take the quiz!

General Stats

  • This quiz has been taken 25 times
  • The average score is 17 of 67

Answer Stats

Hint Answer % Correct
AlbertaCalgary
92%
OntarioToronto
88%
AlbertaEdmonton
88%
QuebecMontréal
83%
QuebecQuébec City
83%
British ColumbiaVancouver
83%
OntarioOttawa
79%
Northwest TerritoriesYellowknife
71%
ManitobaWinnipeg
71%
SaskatchewanSaskatoon
71%
New BrunswickSaint John
67%
SaskatchewanRegina
63%
YukonWhitehorse
63%
NewfoundlandSt. John's
63%
Nova ScotiaHalifax
58%
British ColumbiaVictoria
58%
OntarioThunder Bay
50%
New BrunswickFredericton
46%
Prince Edward IslandCharlottetown
46%
AlbertaLethbridge
42%
NunavutIqaluit
38%
British ColumbiaPrince George
33%
British ColumbiaKamloops
29%
LabradorHappy Valley- Goose Bay
25%
AlbertaFort McMurray
25%
ManitobaChurchill
25%
OntarioSault Ste. Marie
21%
NewfoundlandGander
21%
LabradorLabrador City
21%
British ColumbiaDawson Creek
17%
YukonDawson
17%
Northwest TerritoriesInuvik
13%
British ColumbiaPrince Rupert
13%
British ColumbiaFort Nelson
8%
SaskatchewanUranium City
8%
NunavutKugluktuk
8%
Northwest TerritoriesHay River
4%
YukonOld Crow
4%
Northwest TerritoriesFort Smith
4%
QuebecSept-Îles
4%
Northwest TerritoriesFort Simpson
4%
QuebecRimouski
4%
NunavutGrise Fiord
4%
QuebecVal-d'Or
4%
OntarioCochrane
4%
ManitobaThe Pas
4%
NunavutNaujaat
4%
OntarioKenora
4%
NunavutIgluligaarjuk
4%
OntarioMoosonee
4%
QuebecNatashquan
0%
AlbertaPeace River
0%
SaskatchewanYorkton
0%
OntarioNakina
0%
NunavutKingaok
0%
NunavutPannirtuuq
0%
NunavutKimmirut
0%
Nova ScotiaYarmouth
0%
Northwest TerritoriesFort Good Hope
0%
OntarioFort Severen
0%
LabradorHebron
0%
QuebecInukjuak
0%
QuebecIvujivik
0%
QuebecChisasibi
0%
QuebecChibougamau
0%
ManitobaLynn Lake
0%
QuebecKuujjuaq
0%

Score Distribution

Percentile by Number Answered

Percent of People with Each Score

Your Score History

You have not taken this quiz